[Event "94th Tradewise Hastings Congress"]
[Site "Hastings"]
[Date "2018.12.29"]
[Round "2"]
[White "Norinkeviciute, Rasa"]
[Black "Graham, David B"]
[Result "0-1"]
[WhiteElo "2028"]
[BlackElo "2208"]
[Annotator "NA"]
[PlyCount "42"]
[EventDate "2018.12.28"]
[EventType "swiss"]
[EventCountry "ENG"]
[SourceTitle "playchess.com"]
[Source "ChessBase"]
[SourceQuality "1"]
[TimeControl "40/6000+30:3000+30"]

1. c4 {[%emt 0:00:00]} g6 {[%emt 0:00:00]} 2. g3 {[%emt 0:00:08]} Bg7 {[%emt 0:00:28]} 3. Nc3 {[%emt 0:00:46]} d6 {[%emt 0:00:00]} 4. Bg2 {[%emt 0:02:01]} c5 {[%emt 0:00:00]} 5. Nf3 {[%emt 0:02:00]} Nc6 {[%emt 0:00:00]} 6. d3 {[%emt 0:03:18]} Nf6 {[%emt 0:01:16]} 7. a3 {[%emt 0:03:02]} O-O {[%emt 0:01:02]} 8. O-O {[%emt 0:03:03]} h6 {[%emt 0:08:57]} 9. Rb1 {[%emt 0:00:00]} a5 {[%emt 0:00:33]} 10. Ne1 {[%emt 0:03:57]} Be6 {[%emt 0:04:30]} 11. Nd5 {[%emt 0:08:43]} Bxd5 {[%emt 0:05:07]} 12. cxd5 {[%emt 0:00:00]} Na7 {[%emt 0:03:00]} 13. b4 {[%emt 0:00:00]} Nb5 {[%emt 0:02:13]} 14. Qd2 {[%emt 0:07:15]} cxb4 {[%emt 0:01:57]} 15. axb4 {[%emt 0:00:06]} a4 {[%emt 0:00:18]} 16. Bb2 {[%emt 0:00:57]} a3 {[%emt 0:07:24]} 17. Ba1 {[%emt 0:04:32]} Qb6 {[%emt 0:03:31]} 18. Nc2 {[%emt 0:07:22]} Rfc8 19. Ne3 {[%emt 0:02:09]} Qa7 {[%emt 0:22:08]} 20. Nc4 {[%emt 0:12:08]} Rc7 {[%emt 0:30:53]} 21. Rb3 {[%emt 0:20:50]} Rac8 {[%emt 0:00:00]} 0-1

[Event "94th Tradewise Hastings Congress"]
[Site "Hastings"]
[Date "2018.12.29"]
[Round "2"]
[White "Heinsohn, Michael"]
[Black "Royset, Pal"]
[Result "0-1"]
[WhiteElo "1961"]
[BlackElo "2182"]
[Annotator "NA"]
[PlyCount "96"]
[EventDate "2018.12.28"]
[EventType "swiss"]
[EventCountry "ENG"]
[SourceTitle "playchess.com"]
[Source "ChessBase"]
[SourceQuality "1"]
[TimeControl "40/6000+30:3000+30"]

1. d4 {[%emt 0:00:00]} Nf6 {[%emt 0:00:00]} 2. c4 {[%emt 0:00:00]} e6 {[%emt 0:01:11]} 3. g3 {[%emt 0:00:00]} d5 {[%emt 0:00:12]} 4. Nf3 {[%emt 0:00:00]} dxc4 {[%emt 0:00:56]} 5. Qa4+ {[%emt 0:02:35]} Bd7 {[%emt 0:04:03]} 6. Qxc4 {[%emt 0:00:10]} Bc6 {[%emt 0:03:35]} 7. Bg2 {[%emt 0:00:14]} Be7 {[%emt 0:05:02]} 8. O-O {[%emt 0:00:13]} O-O {[%emt 0:02:22]} 9. Nc3 {[%emt 0:04:38]} a6 {[%emt 0:06:39]} 10. Qb3 {[%emt 0:04:30]} b5 {[%emt 0:01:43]} 11. a3 {[%emt 0:11:15]} Nbd7 {[%emt 0:05:53]} 12. Rd1 {[%emt 0:03:16]} Qc8 {[%emt 0:04:26]} 13. Ne5 {[%emt 0:21:54]} Bxg2 {[%emt 0:01:37]} 14. Kxg2 {[%emt 0:01:02]} c5 {[%emt 0:03:14]} 15. Nxd7 {[%emt 0:01:08]} Qxd7 {[%emt 0:00:29]} 16. dxc5 {[%emt 0:05:00]} Qc6+ {[%emt 0:00:58]} 17. f3 {[%emt 0:06:32]} Qxc5 {[%emt 0:05:42]} 18. e4 {[%emt 0:05:20]} Rfd8 {[%emt 0:05:21]} 19. Bf4 {[%emt 0:02:39]} g5 {[%emt 0:02:46]} 20. Bd2 {[%emt 0:11:38]} g4 {[%emt 0:00:29]} 21. f4 {[%emt 0:03:52]} Rd3 {[%emt 0:07:16]} 22. Be1 {[%emt 0:03:38]} Rf3 {[%emt 0:04:07]} 23. Qc2 {[%emt 0:02:31]} Rc8 {[%emt 0:13:17]} 24. h4 {[%emt 0:01:39]} Qc4 {[%emt 0:05:47]} 25. Bf2 {[%emt 0:00:53]} Qc6 {[%emt 0:05:40]} 26. Qe2 {[%emt 0:03:40]} a5 {[%emt 0:02:39]} 27. Rac1 {[%emt 0:03:01]} Qb7 {[%emt 0:04:11]} 28. Qxb5 {[%emt 0:04:48]} Qxb5 {[%emt 0:01:33]} 29. Nxb5 {[%emt 0:00:05]} Rxc1 {[%emt 0:00:41]} 30. Rxc1 {[%emt 0:00:06]} Nxe4 {[%emt 0:00:13]} 31. Be1 {[%emt 0:03:11]} Rb3 {[%emt 0:01:47]} 32. Rc8+ {[%emt 0:00:24]} Kg7 {[%emt 0:00:27]} 33. Nc3 {[%emt 0:02:27]} Rxb2+ {[%emt 0:00:16]} 34. Kf1 {[%emt 0:00:07]} Rc2 {[%emt 0:02:03]} 35. Rc4 {[%emt 0:02:05]} Nd6 {[%emt 0:06:21]} 36. Rc7 {[%emt 0:01:01]} Nf5 {[%emt 0:00:13]} 37. Nb5 {[%emt 0:01:21]} Rxc7 {[%emt 0:00:58]} 38. Nxc7 {[%emt 0:00:06]} Bxa3 {[%emt 0:00:16]} 39. Bxa5 {[%emt 0:00:30]} Nxg3+ {[%emt 0:00:26]} 40. Kg2 {[%emt 0:01:42]} Nf5 {[%emt 0:01:30]} 41. Ne8+ {[%emt 0:03:32]} Kg6 {[%emt 0:00:33]} 42. h5+ {[%emt 0:04:29]} Kxh5 {[%emt 0:00:58]} 43. Nf6+ {[%emt 0:00:05]} Kg6 {[%emt 0:00:17]} 44. Nxg4 {[%emt 0:00:08]} Bd6 {[%emt 0:03:21]} 45. Kf3 {[%emt 0:03:24]} Nd4+ {[%emt 0:01:49]} 46. Ke3 {[%emt 0:00:05]} Nc6 {[%emt 0:02:01]} 47. Bc3 {[%emt 0:03:14]} Ne7 {[%emt 0:03:04]} 48. Kf3 {[%emt 0:00:24]} Bxf4 {[%emt 0:01:18]} 0-1

[Event "94th Tradewise Hastings Congress"]
[Site "Hastings"]
[Date "2018.12.29"]
[Round "2"]
[White "Byrn, Carsten"]
[Black "Sumit, Kumar"]
[Result "0-1"]
[WhiteElo "1959"]
[BlackElo "2179"]
[Annotator "NA"]
[PlyCount "102"]
[EventDate "2018.12.28"]
[EventType "swiss"]
[EventCountry "ENG"]
[SourceTitle "playchess.com"]
[Source "ChessBase"]
[SourceQuality "1"]
[TimeControl "40/6000+30:3000+30"]

1. c4 {[%emt 0:00:00]} e5 {[%emt 0:15:51]} 2. g3 {[%emt 0:00:00]} Nf6 {[%emt 0:00:10]} 3. Bg2 {[%emt 0:00:00]} h6 {[%emt 0:00:05]} 4. Nc3 {[%emt 0:00:11]} Bb4 {[%emt 0:00:05]} 5. Nd5 {[%emt 0:00:38]} Nxd5 {[%emt 0:01:48]} 6. cxd5 {[%emt 0:00:11]} O-O {[%emt 0:00:09]} 7. a3 {[%emt 0:05:25]} Be7 {[%emt 0:00:50]} 8. e3 {[%emt 0:03:07]} c6 {[%emt 0:01:13]} 9. Ne2 {[%emt 0:02:02]} d6 {[%emt 0:06:39]} 10. O-O {[%emt 0:03:15]} c5 {[%emt 0:10:48]} 11. d4 {[%emt 0:00:29]} exd4 {[%emt 0:00:37]} 12. exd4 {[%emt 0:00:23]} b6 {[%emt 0:00:18]} 13. b4 {[%emt 0:03:24]} Bf6 {[%emt 0:08:08]} 14. Bb2 {[%emt 0:00:46]} Nd7 {[%emt 0:04:09]} 15. Qd2 {[%emt 0:01:41]} cxb4 {[%emt 0:05:50]} 16. Qxb4 {[%emt 0:02:12]} Be7 {[%emt 0:03:34]} 17. Rac1 {[%emt 0:01:57]} Bb7 {[%emt 0:00:34]} 18. Rc2 {[%emt 0:02:31]} Rc8 {[%emt 0:01:58]} 19. Rfc1 {[%emt 0:00:55]} Rxc2 {[%emt 0:00:34]} 20. Rxc2 {[%emt 0:00:02]} Qb8 {[%emt 0:03:33]} 21. Qb3 {[%emt 0:06:36]} Nf6 {[%emt 0:01:05]} 22. Nc1 {[%emt 0:08:56]} Rc8 {[%emt 0:00:56]} 23. Rc6 {[%emt 0:01:11]} Bxc6 {[%emt 0:01:37]} 24. dxc6 {[%emt 0:00:05]} d5 {[%emt 0:00:24]} 25. Bxd5 {[%emt 0:03:08]} Nxd5 {[%emt 0:00:21]} 26. Qxd5 {[%emt 0:00:02]} Qc7 {[%emt 0:00:29]} 27. Qe4 {[%emt 0:03:31]} Bf6 {[%emt 0:01:54]} 28. Nd3 {[%emt 0:00:59]} Qxc6 {[%emt 0:00:35]} 29. d5 {[%emt 0:01:04]} Qe8 {[%emt 0:02:01]} 30. Qxe8+ {[%emt 0:01:43]} Rxe8 {[%emt 0:00:04]} 31. Bxf6 {[%emt 0:00:16]} gxf6 {[%emt 0:00:04]} 32. Kg2 {[%emt 0:00:28]} Re5 {[%emt 0:00:33]} 33. Nxe5 {[%emt 0:01:34]} fxe5 {[%emt 0:00:01]} 34. Kf3 {[%emt 0:00:50]} Kg7 {[%emt 0:01:12]} 35. Ke4 {[%emt 0:00:22]} Kf6 {[%emt 0:00:07]} 36. f4 {[%emt 0:02:12]} exf4 {[%emt 0:00:05]} 37. Kxf4 {[%emt 0:00:50]} b5 {[%emt 0:01:56]} 38. h4 {[%emt 0:00:59]} a5 {[%emt 0:00:55]} 39. g4 {[%emt 0:00:07]} b4 {[%emt 0:01:16]} 40. g5+ {[%emt 0:00:26]} hxg5+ {[%emt 0:00:08]} 41. hxg5+ {[%emt 0:50:25]} Ke7 {[%emt 0:50:05]} 42. axb4 {[%emt 0:00:27]} axb4 {[%emt 0:00:03]} 43. Ke5 {[%emt 0:00:24]} b3 {[%emt 0:00:25]} 44. d6+ {[%emt 0:00:19]} Ke8 {[%emt 0:01:32]} 45. Kf6 {[%emt 0:00:22]} b2 {[%emt 0:00:07]} 46. d7+ {[%emt 0:00:18]} Kxd7 {[%emt 0:00:05]} 47. Kxf7 {[%emt 0:00:13]} b1=Q {[%emt 0:00:07]} 48. g6 {[%emt 0:00:07]} Qf5+ {[%emt 0:00:17]} 49. Kg7 {[%emt 0:00:03]} Ke7 {[%emt 0:00:10]} 50. Kh8 {[%emt 0:00:20]} Qf8+ {[%emt 0:00:12]} 51. Kh7 {[%emt 0:00:12]} Kf6 {[%emt 0:00:05]} 0-1

[Event "94th Tradewise Hastings Congress"]
[Site "Hastings"]
[Date "2018.12.29"]
[Round "2"]
[White "Fryer, David W"]
[Black "Willson, Ollie"]
[Result "0-1"]
[WhiteElo "1932"]
[BlackElo "2081"]
[Annotator "NA"]
[PlyCount "82"]
[EventDate "2018.12.28"]
[EventType "swiss"]
[EventCountry "ENG"]
[SourceTitle "playchess.com"]
[Source "ChessBase"]
[SourceQuality "1"]
[TimeControl "40/6000+30:3000+30"]

1. Nf3 {[%emt 0:00:00]} Nf6 {[%emt 0:00:00]} 2. g3 {[%emt 0:00:00]} d5 {[%emt 0:00:44]} 3. Bg2 {[%emt 0:00:00]} Bf5 {[%emt 0:00:54]} 4. O-O {[%emt 0:00:11]} c6 {[%emt 0:02:13]} 5. d3 {[%emt 0:00:25]} Nbd7 {[%emt 0:01:25]} 6. Nbd2 {[%emt 0:03:24]} e6 {[%emt 0:05:07]} 7. c3 {[%emt 0:08:37]} Be7 {[%emt 0:01:34]} 8. h3 {[%emt 0:01:23]} e5 {[%emt 0:09:46]} 9. Re1 {[%emt 0:11:57]} O-O {[%emt 0:09:33]} 10. e4 {[%emt 0:01:56]} dxe4 {[%emt 0:00:31]} 11. dxe4 {[%emt 0:00:19]} Bg6 {[%emt 0:02:04]} 12. Qe2 {[%emt 0:06:11]} Re8 {[%emt 0:02:23]} 13. Rd1 {[%emt 0:07:55]} Qc7 {[%emt 0:01:44]} 14. Ne1 {[%emt 0:03:14]} Nc5 {[%emt 0:08:46]} 15. a4 {[%emt 0:05:43]} a5 {[%emt 0:03:05]} 16. b3 {[%emt 0:07:33]} Rad8 {[%emt 0:02:49]} 17. f3 {[%emt 0:07:31]} Nxb3 {[%emt 0:20:18]} 18. Nxb3 {[%emt 0:00:09]} Qb6+ {[%emt 0:00:04]} 19. Nd4 {[%emt 0:02:31]} exd4 {[%emt 0:01:12]} 20. cxd4 {[%emt 0:03:26]} Rxd4 {[%emt 0:01:21]} 21. Be3 {[%emt 0:06:40]} Rxd1 {[%emt 0:02:45]} 22. Bxb6 {[%emt 0:00:44]} Rxa1 {[%emt 0:00:09]} 23. Kh2 {[%emt 0:04:05]} Rxa4 {[%emt 0:05:04]} 24. Nd3 {[%emt 0:00:20]} Nd7 {[%emt 0:05:37]} 25. Be3 {[%emt 0:01:17]} b5 {[%emt 0:08:12]} 26. Qd1 {[%emt 0:03:49]} Rd8 {[%emt 0:05:14]} 27. Nb2 {[%emt 0:01:52]} Ra3 {[%emt 0:00:00]} 28. Qc1 {[%emt 0:00:40]} Bf6 {[%emt 0:01:25]} 29. Nd1 {[%emt 0:02:33]} Ra1 {[%emt 0:03:09]} 30. Qc2 {[%emt 0:00:18]} Ne5 {[%emt 0:02:03]} 31. Nf2 {[%emt 0:00:49]} Nc4 {[%emt 0:00:56]} 32. Bc1 {[%emt 0:00:23]} Bd4 {[%emt 0:01:34]} 33. Nd1 {[%emt 0:02:24]} f6 {[%emt 0:01:15]} 34. h4 {[%emt 0:03:26]} Bf7 {[%emt 0:00:31]} 35. Kh3 {[%emt 0:05:47]} a4 {[%emt 0:00:59]} 36. f4 {[%emt 0:01:36]} Be6+ {[%emt 0:00:52]} 37. f5 {[%emt 0:00:57]} Bf7 {[%emt 0:00:04]} 38. Bf4 {[%emt 0:05:52]} b4 {[%emt 0:00:30]} 39. Bf3 {[%emt 0:01:44]} b3 {[%emt 0:00:43]} 40. Qd3 {[%emt 0:01:34]} b2 {[%emt 0:01:51]} 41. Nc3 {[%emt 0:50:29]} Ra3 {[%emt 0:03:07]} 0-1

[Event "94th Tradewise Hastings Congress"]
[Site "Hastings"]
[Date "2018.12.30"]
[Round "3"]
[White "Hawkins, Jonathan"]
[Black "Cherniaev, Alexander"]
[Result "1-0"]
[WhiteElo "2583"]
[BlackElo "2393"]
[Annotator "TA"]
[PlyCount "69"]
[EventDate "2018.12.28"]
[EventType "swiss"]
[EventCountry "ENG"]
[SourceTitle "playchess.com"]
[Source "ChessBase"]
[SourceQuality "1"]

{[%evp 18,69,41,39,54,55,75,17,90,64,75,69,87,49,58,56,56,57,68,72,89,68,80,76,77,71,94,62,311,304,272,274,444,157,153,147,233,258,300,297,281,285,299,300,302,295,308,306,310,306,297,303,302,302]} 1. d4 e6 2. c4 b6 3. e4 Bb7 4. Bd3 Bb4+ 5. Kf1 Be7 6. Nc3 {A40: Unusual replies to 1 d4} d6 7. Nf3 Nd7 8. g3 Bf6 9. Kg2 Ne7 10. h4 $146 {LiveBook: 3 Games} ({Predecessor:} 10. Re1 O-O 11. Qc2 Nc6 12. Be3 Nb4 {0-1 (35) Shen,Y (2466)-Moiseenko,A (2668) Moscow 2016}) 10... a6 11. Bc2 h6 12. Be3 (12. Rb1 $16) 12... g6 (12... c5 $11 {remains equal.}) 13. Qd2 Bg7 14. d5 Nf6 15. dxe6 fxe6 16. Nd4 $1 {[%cal Rd4e6,Bf3d4,Bd4e2,Be2f4,Bf4d3][%mdl 32]} Kf7 17. f3 c5 18. Nde2 $36 {[%mdl 2048] White is really pushing.} Nc6 19. Rad1 Ne5 20. b3 Ke7 21. Nf4 Qc7 22. Nd3 (22. h5 {looks sharper.} gxh5 23. Bd3 Rad8 24. Be2 Rhe8 25. Nxh5 Nxh5 26. Rxh5 Nf7 27. b4) 22... Nxf3 $2 {[#]} (22... Nfd7 $14) 23. Kxf3 $18 Nxe4 24. Nxe4 Bxe4+ 25. Ke2 $2 (25. Kxe4 $18 Qb7+ 26. Kf4) 25... Bxh1 $16 26. Rxh1 {And now Nf4 would win.} Qc6 (26... g5 $16 {was necessary.}) 27. Rf1 $18 Qg2+ {White has a decisive advantage.} 28. Rf2 Qxg3 29. Nf4 Qg4+ 30. Kf1 Kd7 {intending ...Rhf8.} 31. Nxg6 {[#] White wants to mate with Rf7+.} Qh3+ 32. Ke1 Rhf8 33. Nxf8+ Rxf8 34. Rxf8 Bxf8 35. Bf2 {Accuracy: White = 61%, Black = 58%.} 1-0

[Event "94th Tradewise Hastings Congress"]
[Site "Hastings"]
[Date "2018.12.30"]
[Round "3"]
[White "Sulskis, Sarunas"]
[Black "Murphy, Conor E"]
[Result "0-1"]
[WhiteElo "2525"]
[BlackElo "2331"]
[Annotator "TA"]
[PlyCount "96"]
[EventDate "2018.12.28"]
[EventType "swiss"]
[EventCountry "ENG"]
[SourceTitle "playchess.com"]
[Source "ChessBase"]
[SourceQuality "1"]

{[%evp 23,96,22,29,2,27,12,18,0,0,0,17,0,0,0,0,0,-4,-21,7,7,7,-14,-14,-23,-18,-21,-4,-6,-4,-4,-4,-6,0,0,0,0,0,0,0,0,17,0,0,0,0,0,0,-135,-133,-186,-171,-204,-188,-277,-281,-281,-277,-251,-199,-398,-334,-330,-319,-282,0,0,0,0,0,-392,-386,-890,-771,-29983,-29984]} 1. c4 e6 2. Nc3 d5 3. d4 Nf6 4. cxd5 exd5 5. Bg5 c6 6. e3 Be7 7. Bd3 Nbd7 8. Nge2 h6 9. Bh4 {D35: Queen's Gambit Declined: Exchange Variation} Nh5 10. Bxe7 Qxe7 11. Qd2 Nb6 12. O-O (12. f3 Bd7 13. O-O O-O 14. g4 Nf6 15. Ng3 Ne8 16. Rae1 {1-0 (43) Mamedyarov,S (2766)-Adams,M (2751) Sharjah 2017}) 12... O-O {LiveBook: 5 Games} 13. Rac1 $146 ({Predecessor:} 13. f3 Be6 14. b3 Rac8 15. Rac1 c5 16. dxc5 Rxc5 {1-0 (53) Hillarp Persson,T (2521)-Merriman,J (2253) London 2015}) 13... Bd7 14. Rfe1 Rae8 15. e4 dxe4 16. Nxe4 Nd5 17. Nc5 Bc8 18. Ng3 Qh4 19. Rxe8 Rxe8 20. Re1 Rxe1+ 21. Qxe1 {[%cal Re1e8]} Nhf6 $132 {[%mdl 2048] Black is not holding back} 22. Nge4 Nxe4 23. Bxe4 Qe7 24. Qd2 b6 25. Bxd5 $1 bxc5 26. Bxc6 cxd4 27. Bb5 Qc5 28. Bd3 Bf5 {Threatens to win with ...Bxd3.} 29. b4 Qc8 30. Kf1 Be6 31. a4 Qc7 32. Kg1 Bb3 33. a5 Qc3 34. Qe2 {[%cal Re2e8]} Be6 35. f4 (35. h4 $11 {remains equal.}) 35... Qxb4 $17 36. Qe5 {[#]} (36. a6 $17) 36... Qc3 $1 $19 {[%cal Rc3d3]} 37. Qe4 g6 38. a6 (38. h3 $142) 38... Qc1+ 39. Kf2 Qd2+ 40. Kg3 h5 41. Kh4 $2 {[#]} (41. h4 {was called for.}) 41... Bd5 $1 {[%mdl 512]} 42. Qxd4 (42. Qxd5 Qxf4+) 42... Qxg2 {[%csl Gh5][%cal Rg2g4]} 43. h3 {[#]} Be6 $2 (43... Kh7 $1 $19 {And now ...Qf3 would win.} 44. Qe3 (44. Qxa7 $2 Qf3 $19 {[%mdl 64] Double Attack}) 44... Kh6) 44. f5 $1 $11 {[%cal Rf5e6]} g5+ 45. Kxh5 {Qd8+ would kill now.} Bd5 {( -> ...Bf3+)} 46. Be2 $2 {[%mdl 8192]} (46. Kh6 $11 Qxh3+ 47. Kxg5 Qg3+ 48. Qg4) 46... Qxe2+ $19 {[%mdl 64] Double Attack} 47. Kh6 $2 (47. Kxg5 Qe7+ 48. Kh6 Qf8+ 49. Kh5 Bf3+ 50. Kh4) 47... Qxa6+ 48. f6 Qc4 {Accuracy: White = 40%, Black = 62%.} 0-1

[Event "94th Tradewise Hastings Congress"]
[Site "Hastings"]
[Date "2018.12.30"]
[Round "3"]
[White "Gormally, Daniel W"]
[Black "Korneev, Oleg"]
[Result "1/2-1/2"]
[WhiteElo "2478"]
[BlackElo "2550"]
[Annotator "TA"]
[PlyCount "33"]
[EventDate "2018.12.28"]
[EventType "swiss"]
[EventCountry "ENG"]
[SourceTitle "playchess.com"]
[Source "ChessBase"]
[SourceQuality "1"]

{[%evp 22,33,36,41,55,36,61,72,84,79,97,66,68,41]} 1. d4 d5 2. c4 c6 3. Nf3 Nf6 4. Qc2 dxc4 5. Qxc4 Bf5 6. g3 e6 7. Bg2 Nbd7 8. O-O Be7 9. Nc3 O-O 10. e3 {[%cal Be2e3,Be3e4][%mdl 32]} Ne4 11. Nd2 {[%cal Bf3d2,Bd2b3,Bb3c5][%mdl 32]} Nd6 {D23: Queen's Gambit Accepted: 3 Nf3 Nf6 sidelines} (11... Nxd2 12. Bxd2 e5 13. Qb3 exd4 14. exd4 Nb6 15. Be3 Be6 16. Qc2 Nd5 17. Ne4 Bf5 18. Qb3 Qb6 19. Qxb6 axb6 20. a3 Rfe8 21. Rfe1 Nxe3 22. fxe3 Bxe4 23. Bxe4 Bg5 24. Bd3 Bxe3+ {0-1 (55) Bareev,E (2711)-Kobalia,M (2630) playchess.com INT 2004}) 12. Qe2 {LiveBook: 11 Games} h6 13. e4 Bh7 14. Nb3 Re8 $146 ({Predecessor:} 14... Qb6 15. Be3 Qb4 16. Bd2 Qc4 17. Qh5 Nf6 18. Qe5 Nd7 {0-1 (47) Li Torres,M (2295)-Borges Matos,J (2430) Havana 1992}) 15. Be3 Bf8 16. Rad1 Qc7 17. Nc5 1/2-1/2

[Event "94th Tradewise Hastings Congress"]
[Site "Hastings"]
[Date "2018.12.30"]
[Round "3"]
[White "Williams, Simon K"]
[Black "Spiegel, Stefan"]
[Result "1-0"]
[WhiteElo "2472"]
[BlackElo "2124"]
[Annotator "TA"]
[PlyCount "73"]
[EventDate "2018.12.28"]
[EventType "swiss"]
[EventCountry "ENG"]
[SourceTitle "playchess.com"]
[Source "ChessBase"]
[SourceQuality "1"]

{[%evp 22,72,14,12,9,6,7,0,0,0,46,0,39,-9,0,-112,-21,-22,-23,-40,-10,-74,0,-26,0,-37,-14,-19,20,27,23,11,156,155,146,143,290,287,232,126,237,206,229,212,592,408,1889,463,360,103,382,370,29999]} 1. d4 Nf6 2. Nf3 e6 3. Bg5 h6 4. Bh4 b6 5. Nbd2 Bb7 6. e3 Be7 7. Bd3 c5 8. c3 Nc6 9. O-O cxd4 {A46: 1 d4 Nf6 2 Nf3 e6: Torre, London and Colle Systems} 10. Bxf6 (10. exd4 Nd5 11. Bg3 h5 12. h3 g5 13. Ne5 Nf4 14. Bxf4 gxf4 15. Be4 Qc7 16. Ndf3 Nxe5 17. Bxb7 Qxb7 18. Nxe5 {1-0 (36) Le Roux,J (2560)-Sargissian,G (2672) London 2017}) 10... Bxf6 11. exd4 O-O 12. Qe2 {LiveBook: 7 Games} d6 13. h4 $146 ({Predecessor:} 13. Ne4 Be7 14. Ng3 g6 15. Rfe1 Kg7 16. Qe3 Re8 17. Rad1 Nb8 18. Bb5 {½-½ (51) Konig,B (2215)-Nagy,Z (2261) Hungary 2007}) 13... Ne7 14. h5 Re8 15. Bc2 Kf8 16. Qd3 Qc7 17. Nh2 Qc6 {[%csl Gb7][%cal Rc6g2]} 18. f3 (18. Nhf3 $11) 18... Qd5 (18... Nf5 $17 19. g4 Ne7) 19. Ne4 $11 Ng8 20. Qe2 Red8 21. Ng3 (21. f4 $11 {remains equal.}) 21... Qc6 (21... Qa5 $17 22. Be4 Ba6) 22. Ng4 Rac8 23. Bd3 Be7 24. f4 Nf6 25. Nxf6 Bxf6 26. Ne4 Be7 (26... Kg8 $11) 27. f5 $1 $16 {[%cal Rf5e6]} exf5 28. Rxf5 {Black must now prevent Raf1.} Kg8 (28... d5 $16) 29. Raf1 $1 $18 Rf8 30. R1f3 (30. Qg4 $18) 30... Qd7 (30... d5 $16 31. Re5 Bh4) 31. d5 a6 32. Qf2 (32. Bxa6 $6 Bxa6 33. Qxa6 Ra8 $16) 32... Bd8 $2 (32... Kh8 33. Rxf7 (33. Qxb6 Rb8 $16) 33... Rxf7 34. Rxf7 Bxd5) 33. Qg3 Be7 {[#]} (33... Rc5 $142 34. c4 (34. Nxd6 Bxd5 35. b4 Bxf3 $11) (34. Qxd6 Qxd6 35. Nxd6 Bxd5 $11 {[%mdl 64] Double Attack}) 34... b5) 34. Qf4 (34. Rf6 $142 $1 {[%mdl 512] Intending Qxg7+! and mate.} Qb5 {[#]} (34... Bxf6 35. Nxf6+) 35. Qxg7+ $3 {[%mdl 576] Clearance} Kxg7 36. Rg3+ Kh7 37. Ng5+ {[%mdl 64] Double Attack, Discovered Attack (Double check)} Kh8 38. Nxf7+ Rxf7 39. Rxh6+ Rh7 40. Rxh7#) 34... f6 35. Qg4 $2 (35. Rg3 $18) 35... Kh8 $2 {[%mdl 8192]} (35... Bxd5 $16 36. Rg3 (36. Bxa6 Be6 $11) 36... Rf7) 36. Rg3 {[%csl Gg3][%cal Rg4g7]} Bxd5 $2 (36... Rg8 $18 37. Nd2 b5) 37. Qxg7# {Accuracy: White = 44%, Black = 16%.} 1-0

[Event "94th Tradewise Hastings Congress"]
[Site "Hastings"]
[Date "2018.12.30"]
[Round "3"]
[White "Leenhouts, Koen"]
[Black "Brown, Thomas"]
[Result "1-0"]
[WhiteElo "2470"]
[BlackElo "2068"]
[Annotator "TA"]
[PlyCount "55"]
[EventDate "2018.12.28"]
[EventType "swiss"]
[EventCountry "ENG"]
[SourceTitle "playchess.com"]
[Source "ChessBase"]
[SourceQuality "1"]

{[%evp 28,55,34,38,55,72,87,54,56,45,46,16,196,192,184,178,236,236,217,220,272,262,278,290,431,454,431,347,328,303]} 1. d4 Nf6 2. c4 g6 3. Nc3 Bg7 4. e4 d6 5. f3 O-O 6. Bg5 h6 7. Be3 c5 8. d5 e6 9. Qd2 exd5 10. cxd5 h5 11. Nge2 a6 12. a4 Nbd7 13. Nd1 {[%cal Bc3d1,Bd1f2,Bf2e4][%mdl 32] A65: Modern Benoni: 6 e4} (13. Nc1 Ne5 14. Be2 Rb8 15. O-O Qe8 16. Rb1 Bd7 17. b4 cxb4 18. Rxb4 b5 19. axb5 axb5 20. N1a2 Nc4 21. Bxc4 bxc4 22. Rxc4 {½-½ (52) Milanovic,D (2507)-Kislinsky,A (2451) Belgrade 2016}) 13... Ne5 14. Nec3 Re8 15. Be2 {LiveBook: 4 Games. White is slightly better.} b6 $146 ({Predecessor:} 15... Bd7 16. O-O b5 17. axb5 axb5 18. Rxa8 Qxa8 19. Nxb5 Bxb5 20. Bxb5 {1-0 (50) Tomic,A (2286)-Radovanovic,D (2322) Mosko 2015}) 16. O-O Ra7 17. Nf2 Nh7 18. h3 f5 19. exf5 Qe7 $2 {[#]} (19... gxf5 $11 {and Black has nothing to worry.} 20. f4 {[%mdl 64] Discovered Attack} Nf7) 20. fxg6 $18 Nxg6 21. Nfe4 Nf6 (21... Be5 $142 22. Bd3 Nh4) 22. Bg5 Nxe4 23. fxe4 Bd4+ 24. Kh1 Qh7 25. Bf6 Bxf6 (25... Ne5 {is a better defense.} 26. Qg5+ Qg6 27. Qxg6+ (27. Bxh5 Qxg5 28. Bxg5 Rf8 $18) (27. Qxh5 Qxh5 28. Bxh5 Rf8 $18) 27... Nxg6 28. Bxh5 Kh7) 26. Rxf6 Rf7 27. Rxf7 Qxf7 28. Bxh5 {Accuracy: White = 56%, Black = 37%.} 1-0